| 000 | 00342nam a22001457a 4500 | ||
|---|---|---|---|
| 008 | 210223b ||||| |||| 00| 0 eng d | ||
| 020 | _a0201708485 | ||
| 041 | _aeng | ||
| 080 |
_26th _a51 |
||
| 082 | _a51 | ||
| 100 | _a37 | ||
| 101 | _aMAT | ||
| 245 |
_aIntermediate Algebra Concepts and Applications _cBittinger, D. J |
||
| 942 |
_2udc _cBK |
||
| 999 |
_c55113 _d55113 |
||